[Event "CHIJ IIII"]
[Site "SchemingMind.com"]
[Date "2021.03.02"]
[Round "-"]
[White "Derek Price"]
[Black "Kenny Elliott"]
[Result "1-0"]
[WhiteCountry "ENG"]
[BlackCountry "USA"]
[WhiteElo "2181"]
[WhiteRD "72"]
[BlackElo "1595"]
[BlackRD "62"]
[GameID "708889"]

1. c4 c5 2. Nf3 Nc6 3. Nc3 Nf6 4. g3 b6 5. Bg2 Bb7 6. O-O g6 7. b3 Bg7 8. Bb2 O-O 9. d4 d5 10. Nxd5 Nxd5
11. cxd5 Nb4 12. e4 e6 13. a3 Na6 14. dxe6 fxe6 15. Re1 Rf7 16. Ne5 Bxe5 17. dxe5 Qf8 18. Qe2 Qe7 19. Rad1 Raf8 20. f4 Nb8
21. Rd6 Ba6 22. Qg4 Bc8 23. Bf1 Qc7 24. Bc4 Re8 25. f5 Nc6 26. fxe6 Rfe7 27. Rd7 Bxd7 28. exd7+ Kf8 29. Qf4+ Kg7 30. Qf6+ Kh6
31. Bc1+ Kh5 32. Qh4#
1-0

[Event "CHIJ IIII"]
[Site "SchemingMind.com"]
[Date "2021.03.02"]
[Round "-"]
[White "grabapawn"]
[Black "Kenny Elliott"]
[Result "0-1"]
[WhiteCountry "USA"]
[BlackCountry "USA"]
[WhiteElo "1519"]
[WhiteRD "62"]
[BlackElo "1599"]
[BlackRD "60"]
[GameID "708890"]

1. d4 d5 2. Bf4 Nf6 3. e3 Nc6 4. c3 g6 5. Bd3 Bg7 6. Nd2 O-O 7. h3 Bd7 8. g4 Re8 9. Be2 e5 10. dxe5 Nxe5
11. g5 Ne4 12. Nxe4 dxe4 13. Qc2 Bf5 14. f3 exf3 15. Qd2 Qxd2+ 16. Kxd2 Rad8+ 17. Ke1 fxe2 18. Nxe2 Nd3+ 19. Kf1 Nxf4 20. exf4 Bd3
21. Re1 Bxe2+ 22. Rxe2 Rd1+ 23. Kf2 Rxe2+
0-1

[Event "CHIJ IIII"]
[Site "SchemingMind.com"]
[Date "2021.03.02"]
[Round "-"]
[White "Kenny Elliott"]
[Black "Gilligan"]
[Result "0-1"]
[WhiteCountry "USA"]
[BlackCountry "USA"]
[WhiteElo "1595"]
[WhiteRD "62"]
[BlackElo "1725"]
[BlackRD "56"]
[GameID "708891"]

1. d4 d5 2. c4 e6 3. Nf3 Nf6 4. Bg5 Nbd7 5. e3 Be7 6. Bxf6 Nxf6 7. cxd5 exd5 8. Be2 c6 9. O-O O-O 10. Nc3 Bd6
11. Qc2 Ng4 12. h3 Nf6 13. Rfe1 h6 14. a3 a6 15. Rad1 b6 16. e4 dxe4 17. Nxe4 Nxe4 18. Qxe4 Bb7 19. Qc2 Qf6 20. Bd3 c5
21. Be4 Bxe4 22. Rxe4 cxd4 23. Rexd4 Bc5 24. R4d3 Rac8 25. Qa4 Qxb2 26. Nd4 Bxd4 27. Rxd4 Rc2 28. Rb4 Qa2 29. Rf1 Rb2 30. Rxb2 Qxb2
31. Qxa6 b5 32. Qa5 Rb8 33. Qb4 Qe5 34. Re1 Qd5 35. a4 Qc6 36. Ra1 Ra8 37. Ra3 bxa4 38. Rc3 Qd7 39. Ra3 g6 40. g3 Qxh3
41. Rxa4 Rc8 42. Qe1 Qh5 43. Rh4 Qg5 44. Qd1 Rc1 45. Qxc1 Qxc1+ 46. Kg2 Kg7 47. Rh1 Qc6+ 48. f3 g5 49. Re1 h5 50. Rh1 Kg6
51. Rf1 f5 52. Kh3 g4+ 53. fxg4 hxg4+ 54. Kh2 Kg5 55. Kg1 Qc3 56. Kg2 Qd2+ 57. Rf2 Qe3 58. Kg1 Qxg3+
0-1

[Event "CHIJ IIII"]
[Site "SchemingMind.com"]
[Date "2021.03.01"]
[Round "-"]
[White "Kenny Elliott"]
[Black "Transcendent"]
[Result "0-1"]
[WhiteCountry "USA"]
[BlackCountry "ENG"]
[WhiteElo "1538"]
[WhiteRD "68"]
[BlackElo "2107"]
[BlackRD "68"]
[GameID "708892"]

1. d4 d5 2. c4 c6 3. Nc3 Nf6 4. g3 dxc4 5. Bg2 e6 6. Bg5 Be7 7. e4 h6 8. Bxf6 Bxf6 9. e5 Be7 10. a3 O-O
11. Nge2 Nd7 12. O-O Nb6 13. Nf4 Nd5 14. Nfxd5 exd5 15. b4 Bf5 16. Re1 Qd7 17. Ra2 b5 18. Rae2 Bg4 19. f3 Bf5 20. Rf2 a5
21. f4 axb4 22. axb4 Bxb4 23. Re3 Bxc3 24. Rxc3 b4 25. Re3 b3 26. Rb2 Ra2 27. Rxa2 bxa2 28. Ra3 Bb1 29. Qa4 Rb8 30. Bxd5 Qxd5
31. Qa7 Rb2
0-1

[Event "CHIJ IIII"]
[Site "SchemingMind.com"]
[Date "2021.03.05"]
[Round "-"]
[White "Kenny Elliott"]
[Black "ramesse"]
[Result "0-1"]
[WhiteCountry "USA"]
[BlackCountry "SVK"]
[WhiteElo "1553"]
[WhiteRD "61"]
[BlackElo "2558"]
[BlackRD "79"]
[GameID "708893"]

1. d4 d5 2. c4 c6 3. Nc3 Nf6 4. e3 e6 5. Nf3 Nbd7 6. c5 b6 7. b4 a5 8. Ba3 axb4 9. Bxb4 bxc5 10. dxc5 Bxc5
11. Bxc5 Nxc5 12. Be2 Qa5 13. O-O Qxc3 14. Rc1 Qb4 15. Ne5 Nfd7 16. Nxc6 Qb6 17. Nd4 Rxa2 18. Rb1 Qd6 19. Nb5 Qe5 20. Nd4 Ba6
21. Bxa6 Rxa6 22. Ra1 Rxa1 23. Qxa1 O-O 24. Qa7 h6 25. h3 Qd6 26. Nb5 Qb8 27. Qxb8 Rxb8 28. Nd4 Rb2 29. Ra1 Nd3 30. Rf1 N7e5
31. f4 Nc4 32. Kh2 Nxe3 33. Rg1 Nxf4 34. Nf3 Nexg2 35. Ne5 Nh4+ 36. Kh1 f6 37. Ng4 f5 38. Nxh6+ Kf8 39. Nxf5 Nf3
0-1

[Event "CHIJ IIII"]
[Site "SchemingMind.com"]
[Date "2021.03.02"]
[Round "-"]
[White "Helga1946"]
[Black "Kenny Elliott"]
[Result "1-0"]
[WhiteCountry "GER"]
[BlackCountry "USA"]
[WhiteElo "2289"]
[WhiteRD "64"]
[BlackElo "1595"]
[BlackRD "62"]
[GameID "708894"]

1. Nf3 d5 2. c4 d4 3. e3 dxe3 4. fxe3 Bg4 5. Nc3 Nf6 6. Qb3 Bxf3 7. gxf3 b6 8. Bg2 Nbd7 9. f4 Rb8 10. Nb5 g6
11. Nxa7 Bg7 12. Nc6 Qc8 13. Qb4 O-O 14. Nxe7+ Kh8 15. Nxc8 Rbxc8 16. O-O Nc5 17. d4 Nd3 18. Qd2 Nxf4 19. Rxf4 Rcd8 20. Qf2 Rd6
21. Bd2 Rfd8 22. Rf1 c6 23. Bb4 c5 24. dxc5 bxc5 25. Bc3 Kg8 26. Bxf6 Bxf6 27. Rxf6 Rxf6 28. Qxf6
1-0

[Event "CHIJ IIII"]
[Site "SchemingMind.com"]
[Date "2021.03.01"]
[Round "-"]
[White "Kenny Elliott"]
[Black "JAHI"]
[Result "0-1"]
[WhiteCountry "USA"]
[BlackCountry "INT"]
[WhiteElo "1595"]
[WhiteRD "62"]
[BlackElo "2088"]
[BlackRD "75"]
[GameID "708895"]

1. d4 d6 2. e4 g6 3. Nf3 Bg4 4. Be2 Bxf3 5. Bxf3 Bg7 6. e5 Nc6 7. Bxc6+ bxc6 8. exd6 cxd6 9. Be3 h6 10. O-O h5
11. Nd2 h4 12. h3 Nh6 13. Nb3 Kf8 14. c3 Kg8 15. d5 cxd5 16. Qxd5 e6 17. Qd3 Nf5 18. Rae1 Nxe3 19. Rxe3 Qc7 20. Rfe1 Re8
21. Nd2 d5 22. Nf3 Rh5 23. R3e2 Kh8 24. Qc2 Rg8 25. Rd1 Qe7 26. a4 Kh7 27. b4 Rc8 28. a5 Rxc3 29. Qa4 Rxf3 30. gxf3 Qg5+
31. Kf1 Qf5 32. Qd7 Qxh3+ 33. Ke1 Bc3+ 34. Red2 Re5#
0-1

[Event "CHIJ IIII"]
[Site "SchemingMind.com"]
[Date "2021.03.01"]
[Round "-"]
[White "splinter"]
[Black "Kenny Elliott"]
[Result "1-0"]
[WhiteCountry "CAN"]
[BlackCountry "USA"]
[WhiteElo "1853"]
[WhiteRD "85"]
[BlackElo "1599"]
[BlackRD "60"]
[GameID "708896"]

1. c4 c5 2. Nc3 Nc6 3. g3 b6 4. Bg2 Bb7 5. Nf3 Nf6 6. O-O e6 7. e3 Be7 8. d4 d5 9. cxd5 exd5 10. dxc5 Bxc5
11. Re1 O-O 12. a3 Re8 13. b4 Nxb4 14. axb4 Bxb4 15. Qb3 Bxc3 16. Qxc3 Rc8 17. Qd3 Ne4 18. Bb2 Nc5 19. Qf5 Ne4 20. Rxa7 Ba8
21. Qxf7+ Kh8 22. Qxg7#
1-0

[Event "CHIJ IIII"]
[Site "SchemingMind.com"]
[Date "2021.03.02"]
[Round "-"]
[White "eliecercruzr"]
[Black "Kenny Elliott"]
[Result "1-0"]
[WhiteCountry "CUB"]
[BlackCountry "USA"]
[WhiteElo "2118"]
[WhiteRD "129"]
[BlackElo "1599"]
[BlackRD "60"]
[GameID "708897"]

1. d4 d5 2. c4 e6 3. Nc3 Bb4 4. e3 Nf6 5. Nf3 Ne4 6. Qc2 Bxc3+ 7. bxc3 O-O 8. Bd3 Nf6 9. cxd5 exd5 10. O-O Re8
11. Rb1 b6 12. Ng5 g6 13. e4 Bb7 14. e5 Nfd7 15. f4 c5 16. f5 c4 17. fxg6 cxd3 18. gxf7+ Kh8 19. Qxd3 Nf8 20. fxe8=Q Qxe8
21. Rxf8+ Qxf8 22. Qxh7#
1-0

[Event "CHIJ IIII"]
[Site "SchemingMind.com"]
[Date "2021.03.01"]
[Round "-"]
[White "MichaelChess"]
[Black "Kenny Elliott"]
[Result "1-0"]
[WhiteCountry "CUB"]
[BlackCountry "USA"]
[WhiteElo "2356"]
[WhiteRD "96"]
[BlackElo "1538"]
[BlackRD "68"]
[GameID "708898"]

1. e4 c5 2. Nf3 d6 3. d4 cxd4 4. Nxd4 e5 5. Bb5+ Nd7 6. Nf5 a6 7. Ba4 b5 8. Bb3 Nc5 9. Nc3 Bxf5 10. exf5 Nf6
11. Bg5 Be7 12. Bxf6 Bxf6 13. Bd5 Rb8 14. Ne4 Nxe4 15. Bxe4 O-O 16. O-O Qc7 17. Qd5 Qb6 18. Rfd1 Qa7 19. a3 Rfd8 20. Qb3 a5
21. Rd5 Qb6 22. Qd3 b4 23. a4 Be7 24. Qb5 Qa7 25. Qxa5 Qxa5 26. Rxa5 b3 27. c3 Rdc8 28. Ra7 Kf8 29. a5 Rc4 30. Bd5 Rf4
31. a6 Rxf5 32. Rb7 Rc8 33. a7
1-0

[Event "CHIJ IIII"]
[Site "SchemingMind.com"]
[Date "2021.03.01"]
[Round "-"]
[White "Transcendent"]
[Black "Derek Price"]
[Result "1/2-1/2"]
[WhiteCountry "ENG"]
[BlackCountry "ENG"]
[WhiteElo "2089"]
[WhiteRD "64"]
[BlackElo "2207"]
[BlackRD "67"]
[GameID "708899"]

1. e4 c5 2. Nf3 d6 3. d4 cxd4 4. Nxd4 Nf6 5. Nc3 a6 6. Bg5 e6 7. f4 Be7 8. Qf3 Qc7 9. O-O-O Nbd7 10. g4 b5
11. Bxf6 Nxf6 12. g5 Nd7 13. f5 O-O 14. h4 b4 15. Nce2 Bb7 16. Bg2 Rac8 17. fxe6 fxe6 18. Qh3 e5 19. Qe6+ Kh8 20. Qxe7 exd4
21. Nxd4 Rce8 22. Ne6 Qxc2+ 23. Kxc2 Rf2+ 24. Rd2 Rxd2+ 25. Kxd2 Rxe7 26. Bh3=
1/2-1/2

[Event "CHIJ IIII"]
[Site "SchemingMind.com"]
[Date "2021.03.05"]
[Round "-"]
[White "ramesse"]
[Black "Derek Price"]
[Result "1-0"]
[WhiteCountry "SVK"]
[BlackCountry "ENG"]
[WhiteElo "2573"]
[WhiteRD "75"]
[BlackElo "2237"]
[BlackRD "64"]
[GameID "708900"]

1. e4 c5 2. Nf3 d6 3. d4 cxd4 4. Nxd4 Nf6 5. Nc3 a6 6. h3 e6 7. g4 Be7 8. g5 Nfd7 9. Be3 b5 10. a3 Bb7
11. h4 Nc6 12. Qd2 O-O 13. O-O-O Nc5 14. f3 Rb8 15. Kb1 Nxd4 16. Qxd4 Rc8 17. Qd2 f5 18. h5 fxe4 19. f4 Qe8 20. Bh3 Qf7
21. Rdg1 Kh8 22. g6 Qe8 23. h6 hxg6 24. Qh2 Kg8 25. Bxc5 Rxc5 26. Bxe6+ Kh8 27. Ne2 e3 28. hxg7+ Kxg7 29. Qh6+ Kf6 30. f5 Rxf5
31. Bxf5 Kxf5 32. Qxe3 Bxh1 33. Rf1+ Kg4 34. Qg3+ Kh5 35. Rxh1+ Bh4 36. Rxh4#
1-0

[Event "CHIJ IIII"]
[Site "SchemingMind.com"]
[Date "2021.03.02"]
[Round "-"]
[White "Derek Price"]
[Black "Helga1946"]
[Result "1-0"]
[WhiteCountry "ENG"]
[BlackCountry "GER"]
[WhiteElo "2181"]
[WhiteRD "72"]
[BlackElo "2289"]
[BlackRD "64"]
[GameID "708901"]

1. c4 c5 2. Nf3 Nf6 3. Nc3 e6 4. g3 Be7 5. Bg2 Nc6 6. O-O Qb6 7. b3 O-O 8. Bb2 d5 9. cxd5 exd5 10. d4 c4
11. Na4 Qc7 12. Ne5 b5 13. Nxc6 Qxc6 14. Nc3 b4 15. Nxd5 Nxd5 16. e4 Nb6 17. e5 Nd5 18. bxc4 Qxc4 19. Qb3 Rd8 20. Qxc4
1-0

[Event "CHIJ IIII"]
[Site "SchemingMind.com"]
[Date "2021.03.01"]
[Round "-"]
[White "JAHI"]
[Black "Derek Price"]
[Result "0-1"]
[WhiteCountry "INT"]
[BlackCountry "ENG"]
[WhiteElo "1996"]
[WhiteRD "73"]
[BlackElo "2231"]
[BlackRD "67"]
[GameID "708902"]

1. c3 Nf6 2. c4 g6 3. Nc3 Bg7 4. g3 O-O 5. Bg2 d6 6. h3 c5 7. h4 h5 8. d3 Nc6 9. Nh3 Bg4 10. f3 Bd7
11. Kf1 a6 12. Kg1 Rb8 13. Bg5 b5 14. Qd2 Qa5 15. Re1 bxc4 16. dxc4 Nh7 17. Kh2 Nxg5 18. Nxg5 Ne5 19. Qc2 Bc6 20. Rc1= Nxc4
21. b3 Ne3 22. Qd2 Bd4 23. Nge4 Qb6 24. Nd1 c4 25. bxc4 Bxe4 26. fxe4 Rfc8 27. Bh3 Rxc4 28. Rxc4 Nxc4 29. Qc2 Qc5 30. Rf1 Kg7
31. Rf4 e6 32. Rf1 Rb7 33. Qd3 a5 34. Qc2 Rc7 35. Bg2 Qb4 36. Kh3 Rc5 37. Qd3 Ne5 38. Qb3 Qxb3 39. axb3 Rb5 40. e3 Bb6
41. Rf2 Rxb3 42. Ra2 Rd3 43. Ra1 Rd2 44. Nc3 Ng4 45. Ra2 Rxa2 46. Nxa2 Nxe3 47. Bf3 a4 48. Be2 a3 49. Bb5 d5 50. exd5 exd5
51. Nc1 Nc4 52. Kg2 Kf6 53. Kf1 Bc7 54. Kg2 Nd6 55. Bd3 Ne4 56. Bb1 Nc3 57. Bc2 a2 58. Nxa2 Nxa2 59. Kf3 Nb4 60. Bd1 d4
61. Ke4 Bxg3 62. Kxd4 Bxh4 63. Ke3 Ke5 64. Kd2 Nd5 65. Bf3 Nf4 66. Bc6 g5 67. Ke3 Be1 68. Bf3 g4 69. Be2 Nxe2 70. Kxe2 Ba5
71. Ke3 h4 72. Kf2 f5 73. Kf1 h3 74. Kf2 f4 75. Kf1 f3 76. Kg1 Kf4 77. Kf1 h2 78. Kf2 g3+ 79. Kf1 h1=Q#
0-1

[Event "CHIJ IIII"]
[Site "SchemingMind.com"]
[Date "2021.03.01"]
[Round "-"]
[White "Derek Price"]
[Black "splinter"]
[Result "1-0"]
[WhiteCountry "ENG"]
[BlackCountry "CAN"]
[WhiteElo "2237"]
[WhiteRD "64"]
[BlackElo "1838"]
[BlackRD "78"]
[GameID "708903"]

1. c4 b6 2. d4 e6 3. a3 Bb7 4. Nc3 d6 5. e4 g6 6. Nf3 Bg7 7. Bd3 Ne7 8. Be3 Nd7 9. Qd2 O-O 10. O-O c5
11. Rad1 a6 12. Bc2 cxd4 13. Bxd4 Ne5 14. Nxe5 dxe5 15. Be3 Nc6 16. Qxd8 Rfxd8 17. Bxb6 Rxd1 18. Rxd1 Nd4 19. Bd3 f5 20. f3 Rc8
21. c5 Bf8 22. b4 f4 23. Ne2 g5 24. Nxd4 exd4 25. Bc4 Kf7 26. Rxd4 Bc6 27. Bxa6 Ra8 28. b5 Be8 29. c6 Rxa6 30. bxa6 Bxc6
31. Rc4
1-0

[Event "CHIJ IIII"]
[Site "SchemingMind.com"]
[Date "2021.03.01"]
[Round "-"]
[White "Derek Price"]
[Black "eliecercruzr"]
[Result "1/2-1/2"]
[WhiteCountry "ENG"]
[BlackCountry "CUB"]
[WhiteElo "2188"]
[WhiteRD "68"]
[BlackElo "2203"]
[BlackRD "105"]
[GameID "708904"]

1. c4 Nf6 2. g3 e5 3. Bg2 d5 4. cxd5 Nxd5 5. Nf3 Nc6 6. O-O Nb6 7. b3 Be7 8. Bb2 O-O 9. Nxe5 Nxe5 10. Bxe5 c6
11. Bb2 Be6 12. Nc3 Qd7 13. d4 Bh3 14. Bxh3 Qxh3 15. Qd2 f5 16. e3 Rf6 17. f3 Raf8 18. Qg2 Qh6 19. Rae1 Bb4 20. e4 R6f7
21. exf5 Rxf5 22. f4 R5f7 23. Re5 Bd6 24. Re2 Qg6 25. Ne4 Nd5 26. Nxd6 Qxd6 27. Rfe1 Rf6 28. Qe4 Qd7 29. a4 a6 30. Kh1 b5
31. Qc2 Qg4 32. axb5 axb5 33. Qe4 h5 34. Rc2 Qd7=
1/2-1/2

[Event "CHIJ IIII"]
[Site "SchemingMind.com"]
[Date "2021.03.02"]
[Round "-"]
[White "Derek Price"]
[Black "MichaelChess"]
[Result "0-1"]
[WhiteCountry "ENG"]
[BlackCountry "CUB"]
[WhiteElo "2207"]
[WhiteRD "67"]
[BlackElo "2332"]
[BlackRD "101"]
[GameID "708905"]

1. c4 e5 2. Nc3 Nf6 3. Nf3 Nc6 4. g3 d5 5. cxd5 Nxd5 6. Bg2 Nb6 7. O-O Be7 8. a3 O-O 9. b4 Be6 10. Rb1 a6
11. Ne4 Bd5 12. Nc5 Bxc5 13. bxc5 Nd7 14. d4 Be4 15. Rxb7 exd4 16. Bg5 f6 17. Nxd4 Bxg2 18. Ne6 Qe7 19. Nxf8 Bxf1 20. Nxd7 Bh3
21. Qd5+ Qe6 22. Qxe6+ Bxe6 23. Nxf6+ gxf6 24. f3 fxg5
0-1

[Event "CHIJ IIII"]
[Site "SchemingMind.com"]
[Date "2021.03.01"]
[Round "-"]
[White "grabapawn"]
[Black "Derek Price"]
[Result "0-1"]
[WhiteCountry "USA"]
[BlackCountry "ENG"]
[WhiteElo "1519"]
[WhiteRD "62"]
[BlackElo "2236"]
[BlackRD "79"]
[GameID "708906"]

1. d4 d5 2. Bf4 Nf6 3. e3 e6 4. c3 Bd6 5. Bg3 O-O 6. Bd3 b6 7. Nd2 c5 8. Ngf3 Ba6 9. c4 cxd4 10. Bh4 dxe3
11. fxe3 Nbd7 12. Ng5 Qc7 13. Qc2 g6 14. O-O Ng4 15. Rae1 Bxh2+ 16. Kh1 Bg3 17. Bxg3 Qxg3
0-1

[Event "CHIJ IIII"]
[Site "SchemingMind.com"]
[Date "2021.03.01"]
[Round "-"]
[White "Gilligan"]
[Black "grabapawn"]
[Result "1-0"]
[WhiteCountry "USA"]
[BlackCountry "USA"]
[WhiteElo "1695"]
[WhiteRD "56"]
[BlackElo "1519"]
[BlackRD "62"]
[GameID "708907"]

1. e4 e5 2. Nf3 Nf6 3. Bc4 Bc5 4. c3 d6 5. d4 Bb6 6. O-O Nbd7 7. dxe5 dxe5 8. Re1 c6 9. Bg5 h6 10. Bh4 Qc7
11. Nbd2 Ng4 12. h3 g5 13. hxg4 gxh4 14. Nxh4 Nf6 15. Nf5 Bxf5 16. gxf5 O-O-O 17. Kf1 Qd7 18. Nf3 Qe7 19. Qe2 Ng4 20. Nxe5 Nxe5
21. g3 Qg5 22. Rad1 Ng4 23. Kg2 h5 24. Rxd8+ Rxd8 25. Rd1 h4 26. Rxd8+ Kxd8 27. f4 Qh5 28. Qd2+ Ke7 29. Be2 hxg3 30. f6+ Kxf6
31. Qd6+ Kg7 32. Qe5+ Qxe5 33. fxe5 Nxe5 34. Kxg3 Bc7 35. Kf2 b5 36. Ke1 Kg6 37. Kd1 Kg5 38. Bf1 Ng6 39. Kc2 a5 40. Kb3 Ne5
41. Kc2 Ng4 42. Kd3 Nf2+ 43. Kd4 Bb6+ 44. Ke5 Bc5 45. Be2 f6+ 46. Ke6 Bf8 47. e5 f5 48. Kd7 c5 49. Kc6 b4 50. cxb4 axb4
51. a4 Ne4 52. a5 Nd6 53. exd6
1-0

[Event "CHIJ IIII"]
[Site "SchemingMind.com"]
[Date "2021.03.01"]
[Round "-"]
[White "Transcendent"]
[Black "grabapawn"]
[Result "1-0"]
[WhiteCountry "ENG"]
[BlackCountry "USA"]
[WhiteElo "2089"]
[WhiteRD "64"]
[BlackElo "1477"]
[BlackRD "62"]
[GameID "708908"]

1. d4 d5 2. c4 e6 3. Nf3 Nf6 4. g3 Nc6 5. Bg2 Bd7 6. O-O Bd6 7. Nc3 Ne7 8. c5 Bxg3 9. hxg3 h6 10. b4 g5
11. a4 Ng6 12. Ne5 Nxe5 13. dxe5 Ng8 14. e4 c6 15. Be3 Qe7 16. b5 O-O-O 17. a5 h5 18. a6 Kb8 19. axb7 Kxb7 20. Qa4 Ra8
21. Qa6+ Kb8 22. bxc6 Bc8 23. Rfb1+ Kc7 24. Qa5+ Kxc6 25. exd5+
1-0

[Event "CHIJ IIII"]
[Site "SchemingMind.com"]
[Date "2021.03.06"]
[Round "-"]
[White "ramesse"]
[Black "grabapawn"]
[Result "1-0"]
[WhiteCountry "SVK"]
[BlackCountry "USA"]
[WhiteElo "2441"]
[WhiteRD "113"]
[BlackElo "1519"]
[BlackRD "62"]
[GameID "708909"]

1. e4 d6 2. d4 Nf6 3. Nc3 Nbd7 4. f4 e5 5. Nf3 Be7 6. dxe5 Ng4 7. exd6 cxd6 8. Nd4 Ndf6 9. h3 Nh6 10. g4 Nhxg4
11. hxg4 Nxg4 12. Bb5+ Bd7 13. Qxg4 h5 14. Qxg7 Bf6 15. Bxd7+ Kxd7 16. Qxf7+ Kc8 17. Be3 Bh4+ 18. Rxh4 Qxh4+ 19. Kd2 Rd8 20. Rg1 a6
21. Ne6
1-0

[Event "CHIJ IIII"]
[Site "SchemingMind.com"]
[Date "2021.03.01"]
[Round "-"]
[White "grabapawn"]
[Black "Helga1946"]
[Result "0-1"]
[WhiteCountry "USA"]
[BlackCountry "GER"]
[WhiteElo "1521"]
[WhiteRD "60"]
[BlackElo "2289"]
[BlackRD "64"]
[GameID "708910"]

1. d4 d5 2. Bf4 Bf5 3. e3 e6 4. Nd2 Bd6 5. Bg3 Nc6 6. Ngf3 h5 7. Bh4 f6 8. Bg3 g5 9. Bxd6 cxd6 10. h3 Qb6
11. Nb3 Nb4 12. Bd3 Ne7 13. Bxf5 Nxf5 14. c3 Nc6 15. Qe2 Nce7 16. h4 g4 17. Nfd2 a5 18. e4 dxe4 19. Nxe4 Kf7 20. O-O-O a4
21. Nbd2 a3 22. b3 d5 23. Nc5 e5 24. Nd7 Qc7 25. Nc5 exd4 26. Qe6+ Kg6 27. b4 dxc3 28. Nde4 Qf4+ 29. Kc2 dxe4 30. Nxe4 Ra6
31. Qc4 Rc8 32. Qe2 Nc6 33. b5 Ncd4+
0-1

[Event "CHIJ IIII"]
[Site "SchemingMind.com"]
[Date "2021.03.01"]
[Round "-"]
[White "JAHI"]
[Black "grabapawn"]
[Result "1-0"]
[WhiteCountry "INT"]
[BlackCountry "USA"]
[WhiteElo "2068"]
[WhiteRD "76"]
[BlackElo "1519"]
[BlackRD "62"]
[GameID "708911"]

1. c3 e5 2. c4 Bc5 3. Nc3 d6 4. g3 c6 5. Bg2 Qf6 6. Ne4 Qe6 7. Nxc5 dxc5 8. d3 Nd7 9. h3 h6 10. Bd2 Ngf6
11. h4 e4 12. dxe4 Ne5 13. b3 Nfg4 14. f3 Qf6 15. fxg4 Nxg4 16. Nh3 Be6 17. Qc1 Qe5 18. Qc3 Qxg3+ 19. Qxg3
1-0

[Event "CHIJ IIII"]
[Site "SchemingMind.com"]
[Date "2021.03.01"]
[Round "-"]
[White "grabapawn"]
[Black "splinter"]
[Result "0-1"]
[WhiteCountry "USA"]
[BlackCountry "CAN"]
[WhiteElo "1519"]
[WhiteRD "62"]
[BlackElo "1853"]
[BlackRD "85"]
[GameID "708912"]

1. d4 e6 2. Bf4 Nf6 3. e3 Nc6 4. Bd3 b6 5. Nf3 Bb7 6. a3 d6 7. Nbd2 Be7 8. Nc4 Qd7 9. Qd2 O-O-O 10. b4 b5
11. Na5 Nxa5 12. bxa5 a6 13. O-O Nh5 14. Bg3 Nxg3 15. fxg3 f5 16. c4 c6 17. c5 dxc5 18. Ne5 Qe8 19. a4 c4 20. Bc2 Bf6
21. Nf3 g6 22. axb5 cxb5 23. Qb4 Be7 24. Qc3 Qc6 25. Rf2 Qc7 26. Ne5 Bd6 27. Nf3 h6 28. Nh4 g5 29. Ng6 Rhg8 30. Ne5 Bxe5
31. dxe5 Rd5 32. Rd1 Rxe5 33. Rfd2 Rd5 34. Qf6 Qd7 35. Rxd5 Bxd5 36. e4 fxe4 37. Bxe4 Qg7 38. Qxg7 Rxg7 39. Bxd5 exd5 40. Rxd5 Rg6
41. h3 Kc7 42. g4 Kc6 43. Rf5 c3 44. Rf1 Rd6 45. Rf3 b4 46. Kf1 c2
0-1

[Event "CHIJ IIII"]
[Site "SchemingMind.com"]
[Date "2021.03.01"]
[Round "-"]
[White "grabapawn"]
[Black "eliecercruzr"]
[Result "0-1"]
[WhiteCountry "USA"]
[BlackCountry "CUB"]
[WhiteElo "1519"]
[WhiteRD "62"]
[BlackElo "2118"]
[BlackRD "129"]
[GameID "708913"]

1. d4 Nf6 2. Bf4 d5 3. e3 c5 4. c3 e6 5. Nf3 Nc6 6. Bd3 Nh5 7. Bg3 Nxg3 8. hxg3 Qb6 9. b3 g6 10. Ng5 h6
11. Nxf7 Kxf7 12. Qf3+ Kg7 13. Nd2 cxd4 14. exd4 e5 15. Qxd5 exd4 16. Qe4 Bf5 17. Qf3 Ne5 18. Qe2 Nxd3+ 19. Kf1 dxc3 20. Nc4 Qf6
21. Rd1 Bc5 22. Ne3 Nxf2 23. Nxf5+ Qxf5 24. Kg1 Ng4+
0-1

[Event "CHIJ IIII"]
[Site "SchemingMind.com"]
[Date "2021.03.02"]
[Round "-"]
[White "grabapawn"]
[Black "MichaelChess"]
[Result "0-1"]
[WhiteCountry "USA"]
[BlackCountry "CUB"]
[WhiteElo "1454"]
[WhiteRD "58"]
[BlackElo "2306"]
[BlackRD "102"]
[GameID "708914"]

1. d4 Nf6 2. Bf4 c5 3. e3 Qb6 4. Nc3 a6 5. Nf3 e6 6. Qd2 cxd4 7. exd4 Qxb2 8. Rb1 Qa3 9. Bc4 b5 10. Bd3 Bb7
11. O-O Bxf3 12. gxf3 Bb4 13. Rb3 Qa5 14. Rfb1 Nc6 15. Be3 Nd5 16. a3 Bxc3 17. Qe2 f5 18. f4 O-O 19. Kh1 Qc7 20. Qf3 Nxd4
21. Qg3 Nxb3 22. cxb3 Qd6 23. Rg1 Nxe3 24. Qxe3 Qd5+ 25. f3 Bd4
0-1

[Event "CHIJ IIII"]
[Site "SchemingMind.com"]
[Date "2021.03.02"]
[Round "-"]
[White "Derek Price"]
[Black "Gilligan"]
[Result "1-0"]
[WhiteCountry "ENG"]
[BlackCountry "USA"]
[WhiteElo "2181"]
[WhiteRD "72"]
[BlackElo "1725"]
[BlackRD "56"]
[GameID "708915"]

1. c4 e5 2. Nc3 Nf6 3. Nf3 d6 4. g3 Be7 5. Bg2 O-O 6. O-O c6 7. Qc2 Nbd7 8. d4 exd4 9. Nxd4 Rb8 10. Rd1 Nb6
11. c5 Nbd5 12. Nxd5 cxd5 13. Bf4 Ne4 14. Bxe4 dxe4 15. Qxe4 d5 16. Qe3 Bxc5 17. Bxb8 Bh3 18. Bf4 Re8 19. Qf3 Qd7 20. Nb3 Bb6
21. Rxd5 Qc6 22. Re5 Qd7 23. Rxe8+ Qxe8 24. g4
1-0

[Event "CHIJ IIII"]
[Site "SchemingMind.com"]
[Date "2021.03.01"]
[Round "-"]
[White "Gilligan"]
[Black "Transcendent"]
[Result "0-1"]
[WhiteCountry "USA"]
[BlackCountry "ENG"]
[WhiteElo "1706"]
[WhiteRD "56"]
[BlackElo "2065"]
[BlackRD "62"]
[GameID "708916"]

1. e4 e6 2. d4 d5 3. e5 c5 4. c3 Qb6 5. Nf3 Nc6 6. Qc2 cxd4 7. cxd4 Nxd4 8. Nxd4 Qxd4 9. Bb5+ Bd7 10. Bxd7+ Kxd7
11. a3 Rc8 12. Be3 Qxe3+
0-1

[Event "CHIJ IIII"]
[Site "SchemingMind.com"]
[Date "2021.03.05"]
[Round "-"]
[White "Gilligan"]
[Black "ramesse"]
[Result "0-1"]
[WhiteCountry "USA"]
[BlackCountry "SVK"]
[WhiteElo "1695"]
[WhiteRD "56"]
[BlackElo "2441"]
[BlackRD "113"]
[GameID "708917"]

1. e4 e5 2. Nf3 Nc6 3. Bc4 Bc5 4. O-O Nf6 5. Re1 O-O 6. c3 d6 7. d3 h6 8. a3 Ng4 9. Be3 Nxe3 10. fxe3 Bb6
11. d4 Kh8 12. dxe5 Bg4 13. exd6 Ne5 14. dxc7 Qxd1 15. Rxd1 Nxc4 16. h3 Bxf3 17. gxf3 Nxe3 18. Rc1 Nc2+ 19. Kg2 Nxa1 20. Nd2 Be3
21. Rd1 Rac8 22. Nc4 Nc2 23. Rd7 Bf4 24. Na5 Rxc7 25. Rxc7 Bxc7 26. Nxb7 Rb8
0-1

[Event "CHIJ IIII"]
[Site "SchemingMind.com"]
[Date "2021.03.05"]
[Round "-"]
[White "Helga1946"]
[Black "Gilligan"]
[Result "1-0"]
[WhiteCountry "GER"]
[BlackCountry "USA"]
[WhiteElo "2289"]
[WhiteRD "64"]
[BlackElo "1725"]
[BlackRD "56"]
[GameID "708918"]

1. e4 e5 2. Nf3 Nc6 3. Bb5 a6 4. Bxc6 dxc6 5. O-O Bg4 6. h3 Bh5 7. g4 Bxg4 8. hxg4 Qf6 9. d4 h5 10. g5 Qg6
11. Nxe5 Qe6 12. f4 O-O-O 13. Qd3 Bd6 14. f5 Qe7 15. Nxc6 bxc6 16. Qxa6+ Kd7 17. e5 f6 18. exd6 Qxd6 19. Bf4 Qxd4+ 20. Kh2 Ne7
21. Nc3 Qc5 22. Rad1+ Nd5 23. Rxd5+
1-0

[Event "CHIJ IIII"]
[Site "SchemingMind.com"]
[Date "2021.03.01"]
[Round "-"]
[White "Gilligan"]
[Black "JAHI"]
[Result "1/2-1/2"]
[WhiteCountry "USA"]
[BlackCountry "INT"]
[WhiteElo "1695"]
[WhiteRD "56"]
[BlackElo "2068"]
[BlackRD "76"]
[GameID "708919"]

1. e4 d6 2. d4 g6 3. Nf3 Bg4 4. Be3 Bg7 5. c3 Nd7 6. Nbd2 e6 7. Be2 Bxf3 8. Nxf3 Ne7 9. O-O h6 10. Bd3 Kf8
11. Qc2 Kg8 12. Rad1 a6 13. Rfe1 Qb8 14. h4 c6=
1/2-1/2